000 00509nam a22001577a 4500
999 _c1455
_d1455
008 200124b ||||| |||| 00| 0 eng d
020 _a9780070681989
082 0 0 _a651.75
_bS5313
245 1 0 _aBusiness correspondence and report writing: Practical approach to business & technical communication /
_cR.C. Sharma & Krishna Mohan
250 _a4th ed.
260 _aNew Delhi:
_bMcGraw Hill,
_c2013.
300 _axx, 514 p.
650 0 _aBusiness Communication
700 _95428
_aMohan, Krishna
942 _cBK